| 000 | 00383nam a2200145Ia 4500 | ||
|---|---|---|---|
| 008 | 211109s9999||||xx |||||||||||||| ||und|| | ||
| 082 |
_a821 _bBRO-N |
||
| 100 | _aBrook, Stopford A | ||
| 245 | 0 | _aNaturalism In Englsh Poetry | |
| 260 |
_bMcmillan _aLondon _c1900 |
||
| 300 | _a254p. | ||
| 630 | _xGeneral Stack | ||
| 650 |
_aEnglish Literature _vEnglish Poetry _xEnglish |
||
| 942 | _cBOOK | ||
| 999 |
_c2951 _d2951 |
||